[Event "Beijing Sportaccord rap"]
[Site "Beijing"]
[Date "2014.12.11"]
[Round "3"]
[White "Grischuk, Alexander"]
[Black "Wang, Hao"]
[Result "1/2-1/2"]
[WhiteElo "2810"]
[BlackElo "2710"]
[PlyCount "95"]
[EventDate "2014.12.11"]
[EventType "swiss (rapid)"]
[EventRounds "7"]
[EventCountry "CHN"]
[SourceTitle "CBM 164"]
[Source "ChessBase"]
[SourceDate "2015.01.15"]
[SourceVersion "1"]
[SourceVersionDate "2015.01.15"]
[SourceQuality "1"]

1. d4 Nf6 2. c4 e6 3. Nf3 d5 4. Nc3 Bb4 5. cxd5 exd5 6. Bg5 h6 7. Bh4 c5 8.
dxc5 Nbd7 9. Rc1 Qa5 10. Qd4 Bxc5 11. Qd2 O-O 12. e3 Bb6 13. Be2 Ne4 14. Nxe4
dxe4 15. Qxa5 Bxa5+ 16. Nd2 Nb6 17. Be7 Re8 18. b4 Rxe7 19. bxa5 Nd5 20. O-O
Nf6 21. Nb3 Be6 22. Rfd1 Rc8 23. Rxc8+ Bxc8 24. Nd4 Rc7 25. h3 a6 26. Rd2 Be6
27. g4 Bd5 28. h4 g6 29. Rb2 Kg7 30. Kg2 Rc5 31. Nb3 Rc3 32. Kg3 Bxb3 33. axb3
g5 34. b4 Nd5 35. hxg5 hxg5 36. b5 Nf4 37. bxa6 Nxe2+ 38. Rxe2 bxa6 39. Rb2 Rc5
40. Rb4 Rxa5 41. Rxe4 Ra1 42. Re5 Kg6 43. f4 gxf4+ 44. exf4 a5 45. Rg5+ Kf6 46.
Rf5+ Kg6 47. Rg5+ Kf6 48. Rf5+ 1/2-1/2

[Event "Beijing Sportaccord rap"]
[Site "Beijing"]
[Date "2014.12.11"]
[Round "4"]
[White "Vachier Lagrave, Maxime"]
[Black "Grischuk, Alexander"]
[Result "0-1"]
[WhiteElo "2758"]
[BlackElo "2810"]
[PlyCount "72"]
[EventDate "2014.12.11"]
[EventType "swiss (rapid)"]
[EventRounds "7"]
[EventCountry "CHN"]
[SourceTitle "CBM 164"]
[Source "ChessBase"]
[SourceDate "2015.01.15"]
[SourceVersion "1"]
[SourceVersionDate "2015.01.15"]
[SourceQuality "1"]

1. e4 c5 2. Nf3 Nc6 3. c3 Nf6 4. e5 Nd5 5. Bc4 e6 6. d4 cxd4 7. cxd4 d6 8. O-O
Be7 9. Qe2 O-O 10. Nc3 Nxc3 11. bxc3 dxe5 12. dxe5 b6 13. Rd1 Qc7 14. Bd3 Bb7
15. h4 Rfd8 16. Bf4 Rd5 17. Bc2 Rxd1+ 18. Rxd1 Rd8 19. Rc1 Rd7 20. Nd4 Nxd4 21.
cxd4 Qd8 22. Be3 Bxh4 23. Kh2 g6 24. Qg4 Be7 25. Rh1 Rc7 26. Bxg6 fxg6 27.
Qxe6+ Kh8 28. Kg1 Qg8 29. Qg4 Bd5 30. Bg5 Qe6 31. Qg3 Kg8 32. Rh4 Bxg5 33. Qxg5
Qe7 34. Qh6 Rc8 35. a4 Rf8 36. f3 a6 0-1

[Event "Beijing Sportaccord rap"]
[Site "Beijing"]
[Date "2014.12.12"]
[Round "5"]
[White "Grischuk, Alexander"]
[Black "Aronian, Levon"]
[Result "1/2-1/2"]
[WhiteElo "2810"]
[BlackElo "2797"]
[PlyCount "100"]
[EventDate "2014.12.11"]
[EventType "swiss (rapid)"]
[EventRounds "7"]
[EventCountry "CHN"]
[SourceTitle "CBM 164"]
[Source "ChessBase"]
[SourceDate "2015.01.15"]
[SourceVersion "1"]
[SourceVersionDate "2015.01.15"]
[SourceQuality "1"]

1. d4 Nf6 2. Bf4 e6 3. e3 c5 4. Nd2 b6 5. Ngf3 Be7 6. h3 Bb7 7. Bd3 O-O 8. O-O
cxd4 9. exd4 d6 10. Bh2 Nbd7 11. Re1 Re8 12. c3 a6 13. Rc1 Bf8 14. a4 g6 15.
Bf1 Rc8 16. Nc4 Qc7 17. Ne3 Qb8 18. Nd2 Red8 19. b4 Qa7 20. Qb3 d5 21. Rc2 Nb8
22. b5 axb5 23. axb5 Qa3 24. Qxa3 Bxa3 25. Ra1 Bd6 26. Bxd6 Rxd6 27. Ra7 Rd7
28. g4 Rdc7 29. c4 Nbd7 30. Bg2 e5 31. dxe5 Nxe5 32. Rca2 Nd3 33. cxd5 Nf4 34.
Bf3 Bxd5 35. Rxc7 Rxc7 36. Nxd5 N6xd5 37. Kh2 Nc3 38. Ra8+ Kg7 39. Bc6 Ne6 40.
Rb8 Nd4 41. Rxb6 Na4 42. Ra6 Nc5 43. Ra5 Nxc6 44. b6 Rb7 45. Rxc5 Rxb6 46. Nf3
h6 47. Kg2 Ra6 48. Kg3 Rb6 49. Kg2 Ra6 50. Kg3 Rb6 1/2-1/2

[Event "Beijing Sportaccord rap"]
[Site "Beijing"]
[Date "2014.12.12"]
[Round "6"]
[White "Ivanchuk, Vassily"]
[Black "Grischuk, Alexander"]
[Result "0-1"]
[WhiteElo "2704"]
[BlackElo "2810"]
[PlyCount "110"]
[EventDate "2014.12.11"]
[EventType "swiss (rapid)"]
[EventRounds "7"]
[EventCountry "CHN"]
[SourceTitle "CBM 164"]
[Source "ChessBase"]
[SourceDate "2015.01.15"]
[SourceVersion "1"]
[SourceVersionDate "2015.01.15"]
[SourceQuality "1"]

1. d4 Nf6 2. c4 g6 3. Nc3 d5 4. cxd5 Nxd5 5. e4 Nxc3 6. bxc3 Bg7 7. Bc4 c5 8.
Ne2 Nc6 9. Be3 O-O 10. O-O b6 11. Qd2 Bb7 12. Rfd1 e6 13. Bh6 Rc8 14. Rac1 Bxh6
15. Qxh6 cxd4 16. cxd4 Na5 17. Bd3 Rxc1 18. Rxc1 Nc6 19. Qe3 Qd6 20. e5 Qe7 21.
Be4 Nb4 22. a3 Bxe4 23. axb4 Bb7 24. Qd2 Rd8 25. f3 Kg7 26. h4 h6 27. b5 a6 28.
bxa6 Bxa6 29. Nf4 Bb7 30. Rb1 Qc7 31. Qb2 Ba8 32. Ne2 Rb8 33. Qb4 Qd8 34. h5
gxh5 35. Rc1 Bd5 36. Qd2 Qg5 37. Qf4 b5 38. Kf2 Bc4 39. Ng3 h4 40. Qxg5+ hxg5
41. Ne4 Kg6 42. Nd6 Bd5 43. Nc8 b4 44. Ne7+ Kg7 45. Nxd5 exd5 46. f4 g4 47. f5
b3 48. Ke3 b2 49. Rb1 Rb3+ 50. Kf4 h3 51. gxh3 gxh3 52. f6+ Kf8 53. Kf5 h2 54.
e6 h1=Q 55. e7+ Ke8 0-1

[Event "Beijing Sportaccord blitz"]
[Site "Beijing"]
[Date "2014.12.13"]
[Round "1"]
[White "Grischuk, Alexander"]
[Black "Aronian, Levon"]
[Result "1/2-1/2"]
[WhiteElo "2810"]
[BlackElo "2797"]
[PlyCount "80"]
[EventDate "2014.12.13"]
[EventType "tourn (blitz)"]
[EventRounds "30"]
[EventCountry "CHN"]
[EventCategory "20"]
[SourceTitle "CBM 163 Extra"]
[Source "ChessBase"]
[SourceDate "2014.12.23"]
[SourceVersion "1"]
[SourceVersionDate "2014.12.23"]
[SourceQuality "1"]

1. d4 Nf6 2. Bf4 d6 3. Nc3 Nbd7 4. Nf3 Nh5 5. Bd2 g6 6. e4 Bg7 7. Be3 a6 8. Qd2
b5 9. Bh6 Bxh6 10. Qxh6 Bb7 11. O-O-O b4 12. Nd5 e6 13. Re1 Ndf6 14. Nxf6+ Qxf6
15. Qd2 Qf4 16. Qxf4 Nxf4 17. g3 Nh5 18. Bd3 O-O 19. Nd2 f5 20. f4 Nf6 21. Rhf1
fxe4 22. Nxe4 Bxe4 23. Bxe4 Nxe4 24. Rxe4 Rf6 25. Rfe1 Kf7 26. Kd2 c6 27. R1e3
Rb8 28. a3 a5 29. axb4 Rxb4 30. Kc3 h5 31. Re2 Ke7 32. b3 Kd7 33. Re1 Rb5 34.
h4 c5 35. dxc5 Rxc5+ 36. Rc4 Rff5 37. Rxc5 Rxc5+ 38. Kd3 Rd5+ 39. Kc3 Rc5+ 40.
Kd3 Rd5+ 1/2-1/2

[Event "Beijing Sportaccord blitz"]
[Site "Beijing"]
[Date "2014.12.13"]
[Round "2"]
[White "Gelfand, Boris"]
[Black "Grischuk, Alexander"]
[Result "1/2-1/2"]
[WhiteElo "2743"]
[BlackElo "2810"]
[PlyCount "91"]
[EventDate "2014.12.13"]
[EventType "tourn (blitz)"]
[EventRounds "30"]
[EventCountry "CHN"]
[EventCategory "20"]
[SourceTitle "CBM 163 Extra"]
[Source "ChessBase"]
[SourceDate "2014.12.23"]
[SourceVersion "1"]
[SourceVersionDate "2014.12.23"]
[SourceQuality "1"]

1. d4 Nf6 2. c4 g6 3. Nc3 d5 4. Nf3 Bg7 5. Bg5 Ne4 6. Bf4 O-O 7. e3 c5 8. cxd5
Bf5 9. Bc4 cxd4 10. exd4 Nxc3 11. bxc3 Be4 12. O-O Bxd5 13. Bxd5 Qxd5 14. Qb3
Qd7 15. Rab1 b6 16. Ne5 Bxe5 17. Bxe5 Nc6 18. Bf4 Na5 19. Qd1 Rac8 20. Qf3 Qc6
21. Qe2 Qxc3 22. Qxe7 Nc6 23. Qg5 Qxd4 24. Be3 Qe5 25. Qg4 h5 26. Qh4 Rfd8 27.
Rfe1 Qf5 28. h3 Ne5 29. Bd4 g5 30. Qe4 Qxe4 31. Rxe4 Nd3 32. Rb5 Nc5 33. Bxc5
bxc5 34. Re5 c4 35. Rxg5+ Kf8 36. Rxh5 Rd1+ 37. Kh2 Rc6 38. Rb7 c3 39. Rf5 f6
40. Rh5 Kg8 41. Rhh7 c2 42. Rbg7+ Kf8 43. Rxa7 Kg8 44. Rag7+ Kf8 45. Ra7 Kg8
46. Rag7+ 1/2-1/2

[Event "Beijing Sportaccord blitz"]
[Site "Beijing"]
[Date "2014.12.13"]
[Round "3"]
[White "Grischuk, Alexander"]
[Black "Harikrishna, Pentala"]
[Result "0-1"]
[WhiteElo "2810"]
[BlackElo "2727"]
[PlyCount "124"]
[EventDate "2014.12.13"]
[EventType "tourn (blitz)"]
[EventRounds "30"]
[EventCountry "CHN"]
[EventCategory "20"]
[SourceTitle "CBM 163 Extra"]
[Source "ChessBase"]
[SourceDate "2014.12.23"]
[SourceVersion "1"]
[SourceVersionDate "2014.12.23"]
[SourceQuality "1"]

1. d4 Nf6 2. Bf4 g6 3. Nc3 d5 4. Qd2 c6 5. O-O-O Nbd7 6. f3 b5 7. e4 b4 8. Nce2
dxe4 9. Ng3 Qa5 10. Bc4 Nb6 11. Bb3 Ba6 12. fxe4 h5 13. h4 Rd8 14. Qe1 Bc4 15.
Kb1 Bxb3 16. axb3 Bg7 17. Nf3 Ng4 18. Nf1 e5 19. Bg5 Rd7 20. dxe5 Rxd1+ 21.
Qxd1 O-O 22. Qd6 Nxe5 23. Ne3 Nxf3 24. gxf3 Qe5 25. Qxe5 Bxe5 26. Be7 Re8 27.
Bxb4 Bf4 28. Nc4 Nxc4 29. bxc4 Rd8 30. Bc3 Rd7 31. b4 Kf8 32. Kb2 Ke7 33. Kb3
Ke6 34. b5 Rb7 35. Ka4 cxb5+ 36. cxb5 Rc7 37. Kb3 Rc5 38. Bb4 Rxb5 39. c4 Rb7
40. Ka4 Bd6 41. c5 Be7 42. Ba3 a6 43. Rd1 Rc7 44. Rd5 Rc6 45. f4 Bxh4 46. Re5+
Kd7 47. Rd5+ Kc8 48. f5 Bg3 49. fxg6 fxg6 50. Kb3 h4 51. Rg5 Re6 52. Rg4 Bf2
53. Kc4 h3 54. Rf4 Bg3 55. Rf8+ Kd7 56. Rh8 h2 57. Bb2 Rxe4+ 58. Kd5 Rh4 59.
c6+ Ke7 60. Ba3+ Kf7 61. Rf8+ Kg7 62. Rf1 h1=Q+ 0-1

[Event "Beijing Sportaccord blitz"]
[Site "Beijing"]
[Date "2014.12.13"]
[Round "4"]
[White "Grischuk, Alexander"]
[Black "Dominguez Perez, Leinier"]
[Result "1-0"]
[WhiteElo "2810"]
[BlackElo "2726"]
[PlyCount "127"]
[EventDate "2014.12.13"]
[EventType "tourn (blitz)"]
[EventRounds "30"]
[EventCountry "CHN"]
[EventCategory "20"]
[SourceTitle "CBM 163 Extra"]
[Source "ChessBase"]
[SourceDate "2014.12.23"]
[SourceVersion "1"]
[SourceVersionDate "2014.12.23"]
[SourceQuality "1"]

1. d4 Nf6 2. Bf4 g6 3. Nc3 d5 4. Qd2 Bg7 5. Bh6 Bxh6 6. Qxh6 c5 7. dxc5 Qa5 8.
O-O-O Qxc5 9. e3 Nc6 10. Nge2 Bf5 11. Nd4 O-O-O 12. Nxf5 gxf5 13. Bd3 Ne4 14.
Bxe4 fxe4 15. Qh5 e6 16. Nxe4 Qe7 17. Nc3 Kb8 18. Kb1 Rc8 19. Qg4 Na5 20. Qd4
Nc4 21. Ka1 Rhg8 22. g3 f5 23. h3 h5 24. Ne2 Rc6 25. Rd3 Rgc8 26. Rc1 Ra6 27.
Rb3 Qd7 28. Nc3 Qc7 29. Qf4 Nd6 30. Nb5 Nxb5 31. Rxb5 Rd6 32. Rb3 Qd7 33. Kb1
Ka8 34. Qh4 Qe8 35. Qb4 Rd7 36. Rc3 Rdc7 37. Rxc7 Rxc7 38. a3 a6 39. Qd6 Rc6
40. Qe5 Rb6 41. Rd1 Rc6 42. Rd3 Qd8 43. Rc3 Rxc3 44. Qxc3 Qe8 45. Qe5 Ka7 46.
b3 Ka8 47. Kb2 Qf7 48. a4 Qe8 49. Qd4 Qf7 50. Qc5 Qf6+ 51. Qc3 Qf7 52. Qc8+ Ka7
53. Qc5+ Ka8 54. b4 Qd7 55. b5 axb5 56. axb5 Kb8 57. b6 Qd8 58. f3 Qd7 59. g4
hxg4 60. hxg4 fxg4 61. fxg4 Qf7 62. g5 Qg7+ 63. Qc3 e5 64. Qc7+ 1-0

[Event "Beijing Sportaccord blitz"]
[Site "Beijing"]
[Date "2014.12.13"]
[Round "6"]
[White "Grischuk, Alexander"]
[Black "Bacrot, Etienne"]
[Result "1-0"]
[WhiteElo "2810"]
[BlackElo "2718"]
[PlyCount "49"]
[EventDate "2014.12.13"]
[EventType "tourn (blitz)"]
[EventRounds "30"]
[EventCountry "CHN"]
[EventCategory "20"]
[SourceTitle "CBM 163 Extra"]
[Source "ChessBase"]
[SourceDate "2014.12.23"]
[SourceVersion "1"]
[SourceVersionDate "2014.12.23"]
[SourceQuality "1"]

1. d4 Nf6 2. Bf4 d6 3. Nc3 Nbd7 4. Nf3 d5 5. Nb5 e5 6. dxe5 Nh5 7. Bg5 f6 8.
exf6 Ndxf6 9. e3 c6 10. Nbd4 Bd6 11. Bd3 O-O 12. O-O h6 13. Bh4 Bg4 14. c4 Qe8
15. cxd5 cxd5 16. Qb3 Kh8 17. Qxb7 g5 18. Bg3 Bxg3 19. hxg3 Nxg3 20. Bb5 Qh5
21. fxg3 Ne4 22. Bd3 Rab8 23. Qc7 Rbe8 24. Bxe4 Rxe4 25. Nxg5 1-0

[Event "Beijing Sportaccord blitz"]
[Site "Beijing"]
[Date "2014.12.13"]
[Round "7"]
[White "Wang, Hao"]
[Black "Grischuk, Alexander"]
[Result "0-1"]
[WhiteElo "2710"]
[BlackElo "2810"]
[PlyCount "120"]
[EventDate "2014.12.13"]
[EventType "tourn (blitz)"]
[EventRounds "30"]
[EventCountry "CHN"]
[EventCategory "20"]
[SourceTitle "CBM 163 Extra"]
[Source "ChessBase"]
[SourceDate "2014.12.23"]
[SourceVersion "1"]
[SourceVersionDate "2014.12.23"]
[SourceQuality "1"]

1. d4 Nf6 2. Nf3 g6 3. c4 Bg7 4. g3 c5 5. Bg2 O-O 6. Nc3 cxd4 7. Nxd4 Qc7 8.
Nd5 Nxd5 9. cxd5 Qa5+ 10. Bd2 Qb6 11. Bc3 e5 12. dxe6 dxe6 13. O-O Rd8 14. Rc1
e5 15. Qa4 exd4 16. Ba5 Qf6 17. Bxd8 Qxd8 18. Qb3 Nc6 19. Bd5 Qe7 20. Rfe1 Bh3
21. e3 Re8 22. Bg2 Bxg2 23. Kxg2 Qd7 24. exd4 Rxe1 25. Rxe1 Nxd4 26. Qe3 Bf8
27. Qe4 Ne6 28. h4 h5 29. b3 b6 30. Qf3 Nd4 31. Qe4 Ne6 32. Qf3 Bg7 33. Rd1 Qc7
34. Re1 a5 35. Re2 Kh7 36. Re1 Nd4 37. Qe4 Bf6 38. Rd1 Ne6 39. Rd5 Kg7 40. Rd2
Nc5 41. Qd5 Ne6 42. Qe4 b5 43. Qd5 Qb6 44. Rc2 Nd4 45. Rc8 b4 46. Qe4 Ne6 47.
Qa8 Qb5 48. Qe4 Bc3 49. Qa8 Qd7 50. Rc4 Nd4 51. Qe4 Nf5 52. Rc5 a4 53. bxa4 Qd2
54. a5 Qxa2 55. Rc8 Bd4 56. Rc2 Qxa5 57. Qb7 Qe5 58. Qc6 Qe6 59. Qb7 Bc3 60.
Qf3 Nd4 0-1

[Event "Beijing Sportaccord blitz"]
[Site "Beijing"]
[Date "2014.12.13"]
[Round "8"]
[White "Grischuk, Alexander"]
[Black "Ponomariov, Ruslan"]
[Result "1-0"]
[WhiteElo "2810"]
[BlackElo "2714"]
[PlyCount "59"]
[EventDate "2014.12.13"]
[EventType "tourn (blitz)"]
[EventRounds "30"]
[EventCountry "CHN"]
[EventCategory "20"]
[SourceTitle "CBM 163 Extra"]
[Source "ChessBase"]
[SourceDate "2014.12.23"]
[SourceVersion "1"]
[SourceVersionDate "2014.12.23"]
[SourceQuality "1"]

1. d4 d6 2. e4 Nf6 3. Nc3 g6 4. Be3 a6 5. h3 Bg7 6. f4 b5 7. e5 Nfd7 8. Qf3 Nb6
9. O-O-O b4 10. Ne4 Be6 11. d5 Nxd5 12. Ng5 c6 13. Nxe6 fxe6 14. h4 Qa5 15. Kb1
Nd7 16. Nh3 dxe5 17. Bc4 exf4 18. Nxf4 Ne5 19. Qe4 Nxe3 20. Qxe3 Nxc4 21. Qxe6
Ne5 22. h5 Rf8 23. g3 g5 24. h6 Bh8 25. Nh5 Rf7 26. Ng7+ Bxg7 27. hxg7 Rxg7 28.
Rhe1 Ng6 29. Qxc6+ Kf7 30. Rf1+ 1-0

[Event "Beijing Sportaccord blitz"]
[Site "Beijing"]
[Date "2014.12.13"]
[Round "9"]
[White "Ivanchuk, Vassily"]
[Black "Grischuk, Alexander"]
[Result "1/2-1/2"]
[WhiteElo "2704"]
[BlackElo "2810"]
[PlyCount "107"]
[EventDate "2014.12.13"]
[EventType "tourn (blitz)"]
[EventRounds "30"]
[EventCountry "CHN"]
[EventCategory "20"]
[SourceTitle "CBM 163 Extra"]
[Source "ChessBase"]
[SourceDate "2014.12.23"]
[SourceVersion "1"]
[SourceVersionDate "2014.12.23"]
[SourceQuality "1"]

1. e4 c5 2. Nf3 d6 3. Bb5+ Nd7 4. O-O a6 5. Bd3 Ngf6 6. c3 b5 7. Bc2 Bb7 8. Re1
Rc8 9. d3 e5 10. Nbd2 Be7 11. Nf1 O-O 12. Ng3 Re8 13. h3 Bf8 14. Nh2 d5 15. Ng4
d4 16. cxd4 cxd4 17. Bg5 h6 18. Bxf6 Nxf6 19. Bb3 g6 20. Qf3 Bg7 21. Rac1 Qe7
22. a3 h5 23. Nxf6+ Qxf6 24. Qxf6 Bxf6 25. Ne2 Bg5 26. Rxc8 Rxc8 27. g3 Rc7 28.
f4 Bf6 29. Rc1 Rxc1+ 30. Nxc1 Kf8 31. Ne2 Ke7 32. Kg2 Bc8 33. Bd5 Bg7 34. b4 f5
35. h4 fxe4 36. Bxe4 Bg4 37. Kf2 Kf7 38. Bd5+ Ke7 39. Be4 Kf7 40. Bb7 Bh6 41.
Bxa6 Bxe2 42. Kxe2 exf4 43. Bxb5 fxg3 44. Bc6 g5 45. hxg5 Bxg5 46. a4 Be7 47.
b5 Bd8 48. Kf3 h4 49. Kg4 Ke6 50. b6 Bxb6 51. Kxh4 Bc7 52. Kh3 Kd6 53. Bb5 Kc5
54. Kg2 1/2-1/2

[Event "Beijing Sportaccord blitz"]
[Site "Beijing"]
[Date "2014.12.13"]
[Round "10"]
[White "Grischuk, Alexander"]
[Black "Nepomniachtchi, Ian"]
[Result "0-1"]
[WhiteElo "2810"]
[BlackElo "2714"]
[PlyCount "92"]
[EventDate "2014.12.13"]
[EventType "tourn (blitz)"]
[EventRounds "30"]
[EventCountry "CHN"]
[EventCategory "20"]
[SourceTitle "CBM 163 Extra"]
[Source "ChessBase"]
[SourceDate "2014.12.23"]
[SourceVersion "1"]
[SourceVersionDate "2014.12.23"]
[SourceQuality "1"]

1. d4 Nf6 2. Bf4 g6 3. Nc3 Bg7 4. e4 d6 5. Qd2 Nc6 6. O-O-O O-O 7. Nf3 Bg4 8.
Qe3 Nh5 9. Bh6 Bxh6 10. Qxh6 Bxf3 11. gxf3 e5 12. dxe5 Nxe5 13. Be2 Qh4 14. Qe3
Nf4 15. Kb1 a6 16. Nd5 Nxd5 17. Rxd5 Rae8 18. a3 Nd7 19. Rg5 Nf6 20. Bd3 Re7
21. Rg3 Rfe8 22. Qa7 c6 23. Qd4 d5 24. Ka1 dxe4 25. fxe4 Nxe4 26. Re3 c5 27.
Qa4 b5 28. Qxa6 Nxf2 29. Rxe7 Qxe7 30. Rf1 Nxd3 31. cxd3 b4 32. a4 b3 33. Rc1
Qe3 34. Qc4 Qd2 35. Kb1 Re1 36. Rxe1 Qxe1+ 37. Qc1 Qe2 38. Qxc5 Qf1+ 39. Qc1
Qxd3+ 40. Ka1 Qd7 41. Kb1 Qxa4 42. Qc8+ Kg7 43. Qc3+ f6 44. Qc7+ Kh6 45. Qe7
Qd4 46. Qe2 Qg1+ 0-1

[Event "Beijing Sportaccord blitz"]
[Site "Beijing"]
[Date "2014.12.13"]
[Round "13"]
[White "Vachier Lagrave, Maxime"]
[Black "Grischuk, Alexander"]
[Result "0-1"]
[WhiteElo "2758"]
[BlackElo "2810"]
[PlyCount "68"]
[EventDate "2014.12.13"]
[EventType "tourn (blitz)"]
[EventRounds "30"]
[EventCountry "CHN"]
[EventCategory "20"]
[SourceTitle "CBM 163 Extra"]
[Source "ChessBase"]
[SourceDate "2014.12.23"]
[SourceVersion "1"]
[SourceVersionDate "2014.12.23"]
[SourceQuality "1"]

1. e4 c5 2. Nf3 Nc6 3. d4 cxd4 4. Nxd4 Nf6 5. Nc3 e5 6. Nf5 d5 7. exd5 Bxf5 8.
dxc6 bxc6 9. Bd3 Bxd3 10. Qxd3 Qxd3 11. cxd3 Bc5 12. Be3 Bxe3 13. fxe3 Nd5 14.
Kd2 Ke7 15. Rhc1 Rac8 16. Nxd5+ cxd5 17. d4 Kd6 18. dxe5+ Kxe5 19. Rxc8 Rxc8
20. Rf1 f5 21. Rf4 Rc4 22. Rf1 g5 23. b3 Rc6 24. g3 Ke4 25. h4 h6 26. b4 Ra6
27. Ra1 Ra3 28. b5 Kf3 29. hxg5 hxg5 30. Kc2 Kxg3 31. Kb2 Rxe3 32. a4 f4 33. a5
f3 34. b6 axb6 0-1

[Event "Beijing Sportaccord blitz"]
[Site "Beijing"]
[Date "2014.12.13"]
[Round "14"]
[White "Grischuk, Alexander"]
[Black "Wojtaszek, Radoslaw"]
[Result "1-0"]
[WhiteElo "2810"]
[BlackElo "2744"]
[PlyCount "99"]
[EventDate "2014.12.13"]
[EventType "tourn (blitz)"]
[EventRounds "30"]
[EventCountry "CHN"]
[EventCategory "20"]
[SourceTitle "CBM 163 Extra"]
[Source "ChessBase"]
[SourceDate "2014.12.23"]
[SourceVersion "1"]
[SourceVersionDate "2014.12.23"]
[SourceQuality "1"]

1. d4 Nf6 2. Bf4 d5 3. e3 c5 4. Nf3 Nc6 5. c3 Nh5 6. Be5 f6 7. Bg3 Nxg3 8. hxg3
e6 9. Nbd2 Bd7 10. Bd3 f5 11. Bb5 Bd6 12. dxc5 Bxc5 13. Bxc6 Bxc6 14. Ne5 O-O
15. Nxc6 bxc6 16. Qc2 Rb8 17. Nf3 Be7 18. g4 Bf6 19. gxf5 exf5 20. g4 fxg4 21.
Qxh7+ Kf7 22. Qh5+ Ke7 23. Ne5 Bxe5 24. Qxe5+ Kd7 25. Qxg7+ Qe7 26. Qxg4+ Kc7
27. O-O-O Kb7 28. Rd2 Ka8 29. Qd4 Rg8 30. Rhd1 Qe6 31. Kb1 Rb7 32. Ka1 Rf8 33.
Rh1 Rbb8 34. Rh7 Rf7 35. Rxf7 Qxf7 36. b3 Rg8 37. Kb2 Qe6 38. c4 Rd8 39. cxd5
Rxd5 40. Qh8+ Kb7 41. Rxd5 cxd5 42. Qg7+ Ka6 43. Qd4 Qf5 44. f4 Kb7 45. a4 a5
46. Kc3 Qc8+ 47. Kd2 Qf5 48. Qd3 Qh5 49. Qe2 Qf7 50. Qb5+ 1-0

[Event "Beijing Sportaccord blitz"]
[Site "Beijing"]
[Date "2014.12.14"]
[Round "15"]
[White "Leko, Peter"]
[Black "Grischuk, Alexander"]
[Result "0-1"]
[WhiteElo "2723"]
[BlackElo "2810"]
[PlyCount "60"]
[EventDate "2014.12.13"]
[EventType "tourn (blitz)"]
[EventRounds "30"]
[EventCountry "CHN"]
[EventCategory "20"]
[SourceTitle "CBM 163 Extra"]
[Source "ChessBase"]
[SourceDate "2014.12.23"]
[SourceVersion "1"]
[SourceVersionDate "2014.12.23"]
[SourceQuality "1"]

1. e4 c5 2. Nf3 d6 3. d4 cxd4 4. Nxd4 Nf6 5. Nc3 a6 6. Be3 Ng4 7. Bc1 Nf6 8.
Be3 Ng4 9. Bg5 h6 10. Bh4 g5 11. Bg3 Bg7 12. f3 Ne3 13. Qd3 Bxd4 14. Bf2 Qb6
15. Bxe3 Bxe3 16. Nd5 Qxb2 17. Qxe3 Qxa1+ 18. Kd2 Kf8 19. Nb6 Nc6 20. Nxa8 Be6
21. Nb6 Qxa2 22. h4 Qa5+ 23. Kd1 g4 24. f4 f6 25. g3 d5 26. exd5 Bxd5 27. Rh2
Bf3+ 28. Be2 Kg7 29. Bxf3 gxf3 30. Nc4 Rd8+ 0-1

[Event "Beijing Sportaccord blitz"]
[Site "Beijing"]
[Date "2014.12.14"]
[Round "17"]
[White "Grischuk, Alexander"]
[Black "Gelfand, Boris"]
[Result "1/2-1/2"]
[WhiteElo "2810"]
[BlackElo "2743"]
[PlyCount "133"]
[EventDate "2014.12.13"]
[EventType "tourn (blitz)"]
[EventRounds "30"]
[EventCountry "CHN"]
[EventCategory "20"]
[SourceTitle "CBM 163 Extra"]
[Source "ChessBase"]
[SourceDate "2014.12.23"]
[SourceVersion "1"]
[SourceVersionDate "2014.12.23"]
[SourceQuality "1"]

1. d4 Nf6 2. Bf4 d5 3. e3 c5 4. c3 Qb6 5. Qb3 Nc6 6. Qxb6 axb6 7. Bc7 Nd7 8.
Nf3 e6 9. Bb5 Be7 10. Nbd2 Bd8 11. Bxd8 Kxd8 12. O-O Ke7 13. Rfe1 Nf6 14. Nb3
Ne4 15. Nfd2 c4 16. Nxe4 cxb3 17. Nd2 bxa2 18. e4 Bd7 19. Bd3 Kd6 20. Bc2 Ra7
21. Bb3 Rha8 22. h4 b5 23. h5 b4 24. Rec1 bxc3 25. bxc3 Ra3 26. Rc2 Na5 27.
Rcxa2 Nxb3 28. Rxa3 Rxa3 29. Rxa3 Nxd2 30. e5+ Ke7 31. f3 Nc4 32. Ra7 Bc6 33.
Kf2 Nb2 34. Ke3 Na4 35. Kd2 Nb6 36. g4 h6 37. Ra1 Na4 38. f4 Nb6 39. g5 Nc4+
40. Ke2 Nb6 41. Kd2 Bb5 42. Rg1 Nc4+ 43. Kc1 Ne3 44. Kd2 Nf5 45. Rb1 Ba6 46.
Rg1 Kf8 47. Rg4 Bb5 48. Rg1 Ba4 49. Ra1 b5 50. Rg1 Kg8 51. Rg4 g6 52. gxh6 Nxh6
53. Rg1 Kg7 54. hxg6 fxg6 55. Rh1 Nf5 56. Rg1 Ne7 57. Rh1 Bb3 58. Ra1 Nf5 59.
Ra6 Kf7 60. Ra7+ Ne7 61. Ke3 Bc2 62. Kd2 Be4 63. Rb7 Ke8 64. Rxb5 Nf5 65. Rb8+
Ke7 66. Rb7+ Ke8 67. Rb8+ 1/2-1/2

[Event "Beijing Sportaccord blitz"]
[Site "Beijing"]
[Date "2014.12.14"]
[Round "18"]
[White "Harikrishna, Pentala"]
[Black "Grischuk, Alexander"]
[Result "1/2-1/2"]
[WhiteElo "2727"]
[BlackElo "2810"]
[PlyCount "116"]
[EventDate "2014.12.13"]
[EventType "tourn (blitz)"]
[EventRounds "30"]
[EventCountry "CHN"]
[EventCategory "20"]
[SourceTitle "CBM 163 Extra"]
[Source "ChessBase"]
[SourceDate "2014.12.23"]
[SourceVersion "1"]
[SourceVersionDate "2014.12.23"]
[SourceQuality "1"]

1. Nf3 c5 2. c4 Nc6 3. Nc3 e5 4. e3 Nf6 5. d4 e4 6. d5 exf3 7. dxc6 bxc6 8.
gxf3 d5 9. cxd5 cxd5 10. Bb5+ Bd7 11. Qa4 Bd6 12. Bxd7+ Qxd7 13. b3 Be5 14.
Qxd7+ Kxd7 15. Bb2 Ke6 16. Rc1 Rac8 17. Ke2 Rhd8 18. Rhd1 c4 19. Na4 Bxb2 20.
Nxb2 Rb8 21. Na4 Rdc8 22. bxc4 Rxc4 23. Nc5+ Ke7 24. Nb3 Rb6 25. Rd2 Rxc1 26.
Nxc1 Ra6 27. Nd3 Ra4 28. Rb2 Nd7 29. Kf1 Nb6 30. Rc2 Kd6 31. Nf4 Rc4 32. Rd2 g5
33. Ne2 Ra4 34. Nd4 Nc4 35. Rc2 Rb4 36. Kg2 a5 37. Kg3 h5 38. h4 f6 39. hxg5
fxg5 40. f4 gxf4+ 41. Kxf4 a4 42. Kg5 a3 43. Kxh5 Rb2 44. Kg5 Ke5 45. Kg4 Ke4
46. Kg3 Kd3 47. Rc1 Rxa2 48. Nb5 Rc2 49. Rxc2 Kxc2 50. Nxa3+ Nxa3 51. Kf4 Nc4
52. Kf5 Kd3 53. Ke6 Nb6 54. Ke5 Ke2 55. Kd4 Kf3 56. Ke5 Ke2 57. e4 dxe4 58.
Kxe4 Kxf2 1/2-1/2